00778 a2200205 4500020001500000040001300015082001000028100001900038245008300057246003700140250001200177260004100189300004500230500006500275650002200340700002400362700002600386856008600412856007400498 a0125057601 aDLCbDLC00a512.51 aMoore, Hal G.,12aA first course in linear algebra with applications cHal G. Moore, Adil Yaqub.30aLinear algebra with applications a3rd ed. aSan Diego :bAcademic Press,cc1998. a1 v. (various pagings) :bill. ;c25 cm. aRev. ed. of: A first course in linear algebra. 2nd ed. 1991. 0aAlgebras, Linear.1 aYaqub, Adil,d1928-1 aMoore, Hal G.,d1929-423Publisher descriptionuhttp://www.loc.gov/catdir/description/els032/97046320.html423Table of contentsuhttp://www.loc.gov/catdir/toc/els032/97046320.html